000 00433nam a2200193Ia 4500
008 210210b1964 xxu||||| |||| 00| 0 eng d
041 _aeng
082 _a531/124
100 _aSMITH (Alpheus W)
245 _aElements of physics Ed 7
260 _aNew York
_bMcGraw Hill Book Co
_c1964
300 _a717
650 _aphysics
650 _aElements
650 _aEd
650 _a7
690 _aPhysics
906 _a008325
999 _c126264
_d126264